Loading...
| Philosophy | 0 | 3 | 1 | 0 | 25 | 63 | 73.00 | 1 | 3 | 10.84 | 25.83 |
| Literature - British | 0 | 2 | 0 | 0 | 20 | 120 | 121.00 | 0 | 0 | 1.49 | 5.83 |
| Literature - American | 0 | 2 | 0 | 0 | 20 | 44 | 86.50 | 0 | 0 | 8.09 | 9.17 |
| Religion | 0 | 2 | 1 | 1 | 15 | 108 | 120.50 | 0 | 0 | 0.17 | 5.28 |
| History - American | 0 | 2 | 1 | 1 | 15 | 90 | 109.00 | 0 | 0 | 2.62 | 4.17 |
| History - European | 0 | 1 | 0 | 1 | 10 | 114 | 114.00 | 0 | 0 | 0.00 | 0.83 |
| Literature - European | 0 | 1 | 0 | 0 | 10 | 138 | 138.00 | 0 | 0 | 0.80 | 4.00 |
| Literature - World | 0 | 1 | 0 | 0 | 10 | 90 | 90.00 | 0 | 0 | 3.66 | 5.83 |
| Popular Culture | 0 | 1 | 0 | 1 | 10 | 138 | 138.00 | 0 | 0 | 0.00 | 2.78 |
| Current Events | 0 | 0 | 1 | 0 | -5 | 0.00 | 0 | 0 | 0.00 | 0.00 | |
| Fine Arts - Other | 0 | 0 | 2 | 0 | -10 | 0.00 | 0 | 0 | 0.00 | 0.00 |